| Tag |
First Indicator |
Second Indicator |
Subfields |
| LEADER |
00000cam a2200000Ia 4500 |
| 001 |
in00002121521 |
| 005 |
20151103060833.0 |
| 008 |
860408s1955 ru 000 0brus |
| 010 |
|
|
|a 56018183
|
| 035 |
|
|
|a (OCoLC)ocm13405928
|
| 040 |
|
|
|a DLC
|c PIT
|d OCL
|d TXA
|d UtOrBLW
|
| 049 |
|
|
|a TXAM
|
| 050 |
0 |
0 |
|a PG3476.P3
|b Z55
|
| 092 |
|
|
|a 891.709
|b P3384p
|
| 100 |
1 |
|
|6 880-01
|a Pavlenko, Petr Andreevich,
|d 1899-1951.
|
| 245 |
1 |
0 |
|6 880-02
|a Pisatelʹ i zhiznʹ :
|b statʹi, vospominanii︠a︡, iz zapisnykh knizhek, pisʹma /
|c P.A. Pavlenko.
|
| 264 |
|
1 |
|6 880-03
|a Moskva :
|b Sov. pisatelʹ,
|c 1955.
|
| 300 |
|
|
|a 364 pages ;
|c 21 cm.
|
| 336 |
|
|
|a text
|b txt
|2 rdacontent
|
| 337 |
|
|
|a unmediated
|b n
|2 rdamedia
|
| 338 |
|
|
|a volume
|b nc
|2 rdacarrier
|
| 536 |
|
|
|a From the Estate of George and Mathilda Sabo by Dr. Joseph R. Corcoran & Irene Sabo Corcoran and Family. September 1998.
|
| 600 |
1 |
0 |
|a Pavlenko, Petr Andreevich,
|d 1899-1951.
|
| 650 |
|
0 |
|a Authors, Russian
|v Biography.
|
| 650 |
|
0 |
|a Russian literature
|y 20th century.
|
| 880 |
1 |
|
|6 100-01
|a Павленко, Петр Андреевич,
|d 1899-1951.
|
| 880 |
1 |
0 |
|6 245-02
|a Писатель и жизнь :
|b статьи, воспоминания, из записных книжек, письма /
|c П.А. Павленко.
|
| 880 |
|
|
|6 264-03
|a Москва :
|b Сов. писатель,
|c 1955.
|
| 948 |
|
|
|a cataloged
|b h
|c 2006/4/10
|d c
|e tchubaryan
|f 2:03:30 pm
|
| 994 |
|
|
|a C0
|b TXA
|
| 999 |
|
|
|a MARS
|
| 999 |
f |
f |
|s 017a66ed-bc50-3f30-b9a9-063d05db1aac
|i 1469dbfa-edf4-38ff-9199-a320fcd6cda7
|t 0
|
| 952 |
f |
f |
|p ric
|a Texas A&M University
|b Rellis Campus
|c Joint Library Facility
|d Remote Storage
|t 0
|e PG3476.P3 Z55 1955
|h Library of Congress classification
|i unmediated -- volume
|m A14834061865
|
| 998 |
f |
f |
|a PG3476.P3 Z55 1955
|t 0
|l Remote Storage
|